00619 2200229 4500001002100000005001500021035002000036007000300056008004100059020001800100082001100118084001700129100001400146245007700160250001000237260002900247300003500276650002300311700001500334504002800349990001200377INLIS00000000001737320241014023725 a0010-1024000101ta241014 a 0 ind  a979-465-336-5 a028.55 a028.55 NAS b0 aNASIN, M.1 aBulan :bAku bersinar sepanjang malam /cM. Nasin; penyunting, Anno D.S. acet.2 aBandung :bE Kids,c2010 a56 hal. :bilus. ;c15 x 21 cm 4aBACAAN KANAK-KANAK0 aANNO, D.S. aBibliografi : hal.55-56 a11835 a